[Event "28th European Club Cup"]
[Site "Eilat ISR"]
[Date "2012.10.11"]
[Round "1.15"]
[White "Rapaire, Jean-michel"]
[Black "Hauge, Lars Oskar"]
[Result "0-1"]
[WhiteElo "1899"]
[BlackElo "2174"]
[WhiteTeam "C.E. de Monte Carlo"]
[BlackTeam "Oslo Schakselskap"]
[WhiteFideId "5400023"]
[BlackFideId "1509276"]
[EventDate "2012.10.11"]
[EventType "team-swiss"]

1. e4 c5 2. Nf3 e6 3. Be2 Nc6 4. O-O Qc7 5. c4 Nf6 6. d3 Be7 7. Bg5 O-O 8. Nbd2
b6 9. a3 Bb7 10. Re1 Rad8 11. Bf1 Rfe8 12. h3 d5 13. cxd5 exd5 14. e5 Nd7 15. e6
fxe6 16. Rxe6 Nf8 17. Bxe7 Nxe6 18. Bxd8 Qxd8 19. Qa4 Qf6 20. Qb3 Ncd4 21. Nxd4
Nxd4 22. Qa4 Rf8 23. f3 Qf4 24. Qd7 Bc6 25. Qxa7 Qxd2 26. Qxb6 Qe3+ 27. Kh2 c4
28. Qa6 Ra8 0-1

[Event "28th European Club Cup"]
[Site "Eilat ISR"]
[Date "2012.10.11"]
[Round "1.16"]
[White "Ajvazi, Ramadan"]
[Black "Koykka, Pekka"]
[Result "0-1"]
[WhiteElo "2164"]
[BlackElo "2242"]
[WhiteTeam "Chess Club Expik"]
[BlackTeam "Tammer-Shakki"]
[WhiteFideId "909122"]
[BlackFideId "504319"]
[EventDate "2012.10.11"]
[EventType "team-swiss"]

1. Nf3 Nf6 2. g3 d5 3. Bg2 e6 4. O-O Be7 5. d4 O-O 6. c4 dxc4 7. Nbd2 b5 8. a4
c6 9. Qc2 Nd5 10. Rd1 Nd7 11. Nf1 Bb7 12. Bd2 a6 13. e4 N5f6 14. Ne5 Nxe5 15.
dxe5 Nd7 16. f4 Qc7 17. Be3 Bc5 18. Qf2 Bxe3 19. Qxe3 Nb6 20. a5 Na4 21. Qa3
Qxa5 22. Rd6 Qb6+ 23. Kh1 Qc5 24. Qxc5 Nxc5 25. f5 Nd3 0-1

[Event "28th European Club Cup"]
[Site "Eilat ISR"]
[Date "2012.10.11"]
[Round "1.16"]
[White "Penttinen, Jarkko"]
[Black "Zymberi, Astrit"]
[Result "1-0"]
[WhiteTitle "FM"]
[WhiteElo "2258"]
[BlackElo "2161"]
[WhiteTeam "Tammer-Shakki"]
[BlackTeam "Chess Club Expik"]
[WhiteFideId "501743"]
[BlackFideId "4700295"]
[EventDate "2012.10.11"]
[EventType "team-swiss"]

1. d4 Nf6 2. Nf3 g6 3. e3 Bg7 4. b3 c5 5. Bb2 O-O 6. Be2 Ne4 7. O-O Nc6 8. Nbd2
d5 9. c4 Nxd2 10. Qxd2 cxd4 11. exd4 dxc4 12. bxc4 e6 13. Rfd1 Bd7 14. Rab1 b6
15. d5 Na5 16. Bxg7 Kxg7 17. Qb2+ Qf6 18. Ne5 Ba4 19. Rd3 Kg8 20. Ra3 Be8 21.
Bf3 Rd8 22. Re1 Qg7 23. Qb4 f6 24. dxe6 Rd4 25. e7 fxe5 26. exf8=Q+ Qxf8 27.
Bd5+ Kg7 28. Qxf8+ Kxf8 29. h3 1-0

[Event "28th European Club Cup"]
[Site "Eilat ISR"]
[Date "2012.10.11"]
[Round "1.17"]
[White "Burg, Twan"]
[Black "Sammalvuo, Tapani"]
[Result "1-0"]
[WhiteTitle "IM"]
[BlackTitle "IM"]
[WhiteElo "2502"]
[BlackElo "2466"]
[WhiteTeam "Amay"]
[BlackTeam "Shakkivelhot"]
[WhiteFideId "1010697"]
[BlackFideId "501115"]
[EventDate "2012.10.11"]
[EventType "team-swiss"]

1. e4 e5 2. Nf3 Nc6 3. Bc4 Bc5 4. O-O Nf6 5. d3 d6 6. c3 a6 7. Bb3 Ba7 8. Nbd2
O-O 9. Re1 Ng4 10. Re2 Kh8 11. h3 Nh6 12. Nf1 f5 13. Bxh6 gxh6 14. exf5 Bxf5 15.
Bd5 Ne7 16. Bxb7 Rb8 17. Be4 Bxe4 18. dxe4 Rxf3 19. gxf3 Ng6 20. Ng3 Nf4 21. Kh2
Qh4 22. Qf1 Rg8 23. Nf5 Qh5 24. Re3 Rg5 25. h4 Rxf5 26. exf5 Qxh4+ 27. Kg1 Qg5+
28. Kh1 Qxf5 29. Rd1 Qh5+ 30. Kg1 Qg5+ 31. Kh1 d5 32. Qg1 Qh5+ 33. Qh2 Qf5 34.
Rg1 Ng6 35. Qxh6 Bxe3 36. fxe3 Qxf3+ 37. Kh2 Qf2+ 38. Rg2 Qf7 39. Qg5 Kg7 40.
Qxe5+ 1-0

[Event "28th European Club Cup"]
[Site "Eilat ISR"]
[Date "2012.10.11"]
[Round "1.17"]
[White "Nyysti, Sampsa"]
[Black "Tan, Matthew"]
[Result "1/2-1/2"]
[WhiteTitle "IM"]
[BlackTitle "IM"]
[WhiteElo "2343"]
[BlackElo "2425"]
[WhiteTeam "Shakkivelhot"]
[BlackTeam "Amay"]
[WhiteFideId "502138"]
[BlackFideId "1011316"]
[EventDate "2012.10.11"]
[EventType "team-swiss"]

1. e4 e6 2. Qe2 c5 3. Nf3 Nc6 4. g3 Nge7 5. Bg2 g6 6. c3 Bg7 7. d3 b6 8. h4 h6
9. e5 Ba6 10. Na3 d5 11. O-O Qc7 12. Re1 Rd8 13. Nc2 O-O 14. Bf4 Kh7 15. Qd2 d4
16. c4 b5 17. b3 bxc4 18. bxc4 Rb8 19. Rab1 Rxb1 20. Rxb1 Rb8 21. Rxb8 Qxb8 22.
Qc1 Nxe5 23. Nxe5 Bxe5 24. Bxe5 Qxe5 25. Qa3 Qd6 26. Nxd4 Qxd4 27. Qxa6 Nf5 28.
Qxa7 Kg7 29. Qc7 Qxd3 30. Qxc5 Qb1+ 31. Bf1 Qxa2 32. g4 Nxh4 33. Qd4+ e5 34.
Qxe5+ Kg8 35. Qf6 g5 36. Qd8+ Kg7 37. Qd4+ Kg8 38. Qe4 Qa3 39. Bd3 Qc1+ 40. Kh2
Kf8 41. Qa8+ Kg7 42. Qe4 Kf8 43. Qa8+ Kg7 44. Qe4 Kf8 1/2-1/2

[Event "28th European Club Cup"]
[Site "Eilat ISR"]
[Date "2012.10.11"]
[Round "1.17"]
[White "Broekmeulen, Jasper"]
[Black "Kosmo, Santul"]
[Result "1-0"]
[WhiteTitle "FM"]
[WhiteElo "2410"]
[BlackElo "2212"]
[WhiteTeam "Amay"]
[BlackTeam "Shakkivelhot"]
[WhiteFideId "1013440"]
[BlackFideId "504173"]
[EventDate "2012.10.11"]
[EventType "team-swiss"]

1. e4 c5 2. Nf3 d6 3. Nc3 Nf6 4. e5 dxe5 5. Nxe5 Nbd7 6. d4 e6 7. Bb5 Qc7 8. Bf4
Bd6 9. O-O O-O 10. Nxd7 Bxd7 11. Bxd6 Qxd6 12. dxc5 Qxc5 13. Bxd7 Rad8 14. Qf3
Rxd7 15. Rad1 Rxd1 16. Rxd1 b5 17. a3 a5 18. g3 b4 19. axb4 axb4 20. Ne4 Nxe4
21. Qxe4 h6 22. Rd4 Rc8 23. b3 Qc3 24. h4 g6 25. Rxb4 Qxc2 26. Qxc2 Rxc2 27.
Rb8+ Kg7 28. b4 g5 29. hxg5 hxg5 30. Kf1 Rb2 31. b5 Kf6 32. b6 Kf5 33. b7 e5 34.
f3 Rb1+ 35. Ke2 g4 36. fxg4+ Ke4 37. g5 Rb2+ 38. Kd1 Rb6 39. Kd2 Rb5 40. Kc3 Rb1
41. Kc4 Rc1+ 42. Kb5 Rb1+ 43. Kc6 Rc1+ 44. Kd6 Rb1 45. Ke7 Kf3 46. Kxf7 e4 47.
Ke6 Kg2 48. g6 e3 49. Kf6 e2 50. Re8 Rxb7 51. Rxe2+ Kf3 52. Re7 Rb4 53. g7 Rg4
54. Kf7 1-0

[Event "28th European Club Cup"]
[Site "Eilat ISR"]
[Date "2012.10.11"]
[Round "1.17"]
[White "Verkasalo, Tommi"]
[Black "Memeti, Kastriot"]
[Result "0-1"]
[WhiteElo "2185"]
[BlackElo "2189"]
[WhiteTeam "Shakkivelhot"]
[BlackTeam "Amay"]
[WhiteFideId "503070"]
[BlackFideId "204390"]
[EventDate "2012.10.11"]
[EventType "team-swiss"]

1. e4 e6 2. d4 d5 3. Nc3 Nf6 4. e5 Nfd7 5. f4 c5 6. Nf3 Nc6 7. Be3 Be7 8. dxc5
Nxc5 9. Be2 a6 10. O-O b5 11. a3 O-O 12. Qe1 Qc7 13. Qg3 Nd7 14. Bd3 f5 15. exf6
Nxf6 16. Ne2 Na5 17. b3 Nb7 18. Ned4 Nc5 19. Ne5 Nce4 20. Qh3 Bd6 21. Ndf3 Bc5
22. Ng5 Qb6 23. Bxc5 Qxc5+ 24. Kh1 h6 25. Nxe4 dxe4 26. Be2 Qxc2 27. Bg4 Nxg4
28. Qxg4 Qxb3 29. Rac1 Qb2 30. Rc7 Qxe5 0-1

[Event "28th European Club Cup"]
[Site "Eilat ISR"]
[Date "2012.10.12"]
[Round "2.1"]
[White "Grachev, Boris"]
[Black "Nielsen, Peter Heine"]
[Result "1/2-1/2"]
[WhiteTitle "GM"]
[BlackTitle "GM"]
[WhiteElo "2672"]
[BlackElo "2662"]
[WhiteTeam "SHSM-64"]
[BlackTeam "OSG Baden-Baden e.V."]
[WhiteFideId "4129199"]
[BlackFideId "1400355"]
[EventDate "2012.10.11"]
[EventType "team-swiss"]

1. d4 d5 2. c4 c6 3. Nf3 Nf6 4. e3 Bf5 5. Nc3 a6 6. Bd3 Bxd3 7. Qxd3 e6 8. O-O
Bb4 9. a3 Bxc3 10. Qxc3 O-O 11. b3 Nbd7 12. a4 a5 13. Ba3 Re8 14. Ne5 Qc7 15.
Rfc1 Ne4 16. Qb2 Nd6 17. Rab1 Nf5 18. Nf3 Nf6 19. Qc2 g6 20. Ne5 Nd7 21. Nf3 Nf6
22. Re1 Rad8 23. Rbd1 Ne4 24. Ne5 Nf6 25. Nf3 Ne4 26. Ne5 Nf6 27. h3 Nd7 28. Nf3
Nf6 29. Ne5 Nd7 30. Nf3 Nf6 31. Ne5 Nd7 1/2-1/2

[Event "28th European Club Cup"]
[Site "Eilat ISR"]
[Date "2012.10.12"]
[Round "2.1"]
[White "Nisipeanu, Liviu-Dieter"]
[Black "Potkin, Vladimir"]
[Result "1/2-1/2"]
[WhiteTitle "GM"]
[BlackTitle "GM"]
[WhiteElo "2661"]
[BlackElo "2663"]
[WhiteTeam "OSG Baden-Baden e.V."]
[BlackTeam "SHSM-64"]
[WhiteFideId "1202758"]
[BlackFideId "4131061"]
[EventDate "2012.10.11"]
[EventType "team-swiss"]

1. e4 e6 2. d4 d5 3. e5 c5 4. c3 Nc6 5. Nf3 Bd7 6. Na3 cxd4 7. cxd4 Bxa3 8. bxa3
Nge7 9. Rb1 Nf5 10. Rxb7 Na5 11. Rb4 Nc6 12. Rb1 O-O 13. Bb2 Nh4 14. Nxh4 Qxh4
15. Bd3 f6 16. O-O fxe5 17. dxe5 Be8 18. Bc3 Bg6 19. Bxg6 hxg6 20. Bb4 Rf5 21.
Bd6 Nxe5 22. Qe2 Qf4 23. Bb8 Kh7 24. Rb4 d4 25. Bxe5 Rxe5 26. Qc4 Rd8 27. g3 Qf6
28. Qd3 Qf5 29. Qd2 Red5 30. Rd1 e5 31. a4 e4 32. Qb2 d3 33. Qd2 Rd4 34. a3 Rxb4
35. axb4 Rc8 36. Qe3 Rc2 37. Kg2 g5 38. Re1 g4 39. Qf4 Qxf4 40. gxf4 Rc4 41. Rb1
Kg6 42. a5 a6 43. Kg3 Kf5 44. b5 axb5 45. a6 Ra4 46. Rxb5+ Ke6 47. f5+ Kf6 48.
Kf4 Rxa6 49. Kxe4 Rd6 50. Rb1 d2 51. Rd1 Kg5 52. f3 gxf3 53. Kxf3 Kxf5 54. Ke3
Rh6 55. Rf1+ Kg4 56. Rg1+ Kh4 57. Kxd2 g5 58. Ke2 Ra6 59. Kf3 Ra3+ 60. Kg2 g4
61. Rb1 Ra2+ 1/2-1/2

[Event "28th European Club Cup"]
[Site "Eilat ISR"]
[Date "2012.10.12"]
[Round "2.2"]
[White "Laznicka, Viktor"]
[Black "Alekseev, Evgeny"]
[Result "1/2-1/2"]
[WhiteTitle "GM"]
[BlackTitle "GM"]
[WhiteElo "2678"]
[BlackElo "2683"]
[WhiteTeam "G-Team Novy Bor"]
[BlackTeam "Economist-SGSEU Saratov"]
[WhiteFideId "316385"]
[BlackFideId "4138147"]
[EventDate "2012.10.11"]
[EventType "team-swiss"]

1. d4 Nf6 2. c4 e6 3. Nf3 d5 4. Nc3 Bb4 5. cxd5 exd5 6. Bg5 Nbd7 7. e3 c5 8. Be2
Qa5 9. O-O c4 10. Nd2 Bxc3 11. bxc3 Qxc3 12. e4 Nxe4 13. Nxe4 dxe4 14. Rc1 Qa5
15. Bd2 Qb6 16. Rxc4 O-O 17. d5 Qg6 18. Bf4 Nb6 19. Rc5 Bh3 20. Bg3 Bd7 21. Qd4
Rfc8 22. Rfc1 Rxc5 23. Rxc5 Rc8 24. Rxc8+ Bxc8 25. Bb8 Qf5 26. d6 Qa5 27. Bf1
Qd5 28. Qxd5 Nxd5 29. Bxa7 Kf8 30. Bb5 Nf6 31. Bd4 Bd7 32. Bc4 Be6 33. Bb5 Bd7
34. Be2 Ke8 35. h3 Be6 36. Bb5+ Bd7 37. Be2 Be6 38. a4 Kd7 39. Be5 Bd5 40. a5
Ne8 41. Bg4+ Be6 42. Bd1 Bd5 43. Bg4+ Be6 44. Bd1 Bd5 1/2-1/2

[Event "28th European Club Cup"]
[Site "Eilat ISR"]
[Date "2012.10.12"]
[Round "2.3"]
[White "Movsesian, Sergei"]
[Black "Kovalev, Vladislav"]
[Result "1-0"]
[WhiteTitle "GM"]
[BlackTitle "IM"]
[WhiteElo "2699"]
[BlackElo "2473"]
[WhiteTeam "Saint-Petersburg Chess Federation"]
[BlackTeam "Vesnianka Gran"]
[WhiteFideId "310204"]
[BlackFideId "13504398"]
[EventDate "2012.10.11"]
[EventType "team-swiss"]

1. c4 Nf6 2. Nc3 g6 3. g3 Bg7 4. Bg2 O-O 5. d4 Nc6 6. e3 d6 7. Nge2 e5 8. h3 Bd7
9. O-O Qc8 10. Kh2 a6 11. b3 Rb8 12. a4 exd4 13. exd4 Nb4 14. Bg5 b5 15. axb5
axb5 16. Qd2 bxc4 17. bxc4 Re8 18. Rfb1 c5 19. Bxf6 Bxf6 20. Ne4 Be7 21. dxc5
dxc5 22. Ra7 Bf5 23. N2c3 Qe6 24. Re1 Qb6 25. Nb5 Rbd8 26. Rxe7 Rxe7 27. Nf6+
Kh8 28. Qb2 Nd3 29. Qc3 Rxe1 30. Nd5+ Kg8 31. Nxb6 Re2 32. Qf6 Rb8 33. Nd5 Rxf2
34. Ne7+ Kf8 35. Nxf5 1-0

[Event "28th European Club Cup"]
[Site "Eilat ISR"]
[Date "2012.10.12"]
[Round "2.3"]
[White "Gorovets, Andrey"]
[Black "Efimenko, Zahar"]
[Result "0-1"]
[WhiteTitle "IM"]
[BlackTitle "GM"]
[WhiteElo "2459"]
[BlackElo "2689"]
[WhiteTeam "Vesnianka Gran"]
[BlackTeam "Saint-Petersburg Chess Federation"]
[WhiteFideId "13504037"]
[BlackFideId "14107201"]
[EventDate "2012.10.11"]
[EventType "team-swiss"]

1. c4 Nf6 2. Nc3 e5 3. Nf3 Nc6 4. d4 exd4 5. Nxd4 Bb4 6. Bg5 h6 7. Bh4 Bxc3+ 8.
bxc3 O-O 9. e3 Ne5 10. f3 Ng6 11. Bf2 c5 12. Nc2 d5 13. cxd5 Nxd5 14. Qd2 Nb6
15. Qxd8 Rxd8 16. e4 Na4 17. c4 f5 18. exf5 Bxf5 19. Ne3 Bd3 20. O-O-O Bxf1 21.
Rhxf1 Rd4 22. Kc2 Rc8 23. Kb3 b5 24. a3 a6 25. cxb5 axb5 26. Nf5 Rc4 27. Rc1 Rd8
28. Rxc4 Rd3+ 29. Kc2 bxc4 30. Rb1 Nf4 31. Rb7 Rxa3 32. Rxg7+ Kh8 33. Be1 Nd3
34. Re7 Ra2+ 35. Kd1 c3 36. Ne3 Ra1+ 37. Ke2 Rxe1+ 38. Kxd3 c4+ 39. Kc2 Re2+ 40.
Kc1 Nc5 41. Re8+ Kh7 42. Re7+ Kg8 0-1

[Event "28th European Club Cup"]
[Site "Eilat ISR"]
[Date "2012.10.12"]
[Round "2.3"]
[White "Zvjaginsev, Vadim"]
[Black "Mochalov, Evgeny V"]
[Result "1-0"]
[WhiteTitle "GM"]
[BlackTitle "IM"]
[WhiteElo "2678"]
[BlackElo "2403"]
[WhiteTeam "Saint-Petersburg Chess Federation"]
[BlackTeam "Vesnianka Gran"]
[WhiteFideId "4113403"]
[BlackFideId "13500074"]
[EventDate "2012.10.11"]
[EventType "team-swiss"]

1. e4 c5 2. Nf3 e6 3. c3 d5 4. e5 d4 5. b4 dxc3 6. bxc5 cxd2+ 7. Bxd2 Bxc5 8.
Nc3 Ne7 9. Ne4 b6 10. Bb5+ Nd7 11. O-O a6 12. Ba4 b5 13. Be3 Bb7 14. Nxc5 Nxc5
15. Bxc5 bxa4 16. Qxa4+ Qd7 17. Qa3 Bxf3 18. Qxf3 O-O 19. Rfd1 Qc7 20. Bd6 Qa7
21. Rab1 Nd5 22. Bxf8 Rxf8 23. Qa3 h6 24. Rdc1 Rd8 25. Qc5 Qa8 26. g3 g5 27. Rc4
Kg7 28. Qc6 Ne7 29. Qxa8 Rxa8 30. Rb7 Ng6 31. Rc6 Re8 32. Rcb6 Rc8 33. Rxe6 Rc5
34. Rxa6 Nxe5 35. Ra3 g4 36. Kg2 h5 37. Rab3 Rc2 38. a4 Ra2 39. R3b5 Nc4 40. Re7
Kg6 41. Re4 Rc2 42. a5 f5 43. Re6+ Kf7 44. Re1 Nd6 45. Rd5 1-0

[Event "28th European Club Cup"]
[Site "Eilat ISR"]
[Date "2012.10.12"]
[Round "2.3"]
[White "Oblamski, Vladimir"]
[Black "Matlakov, Maxim"]
[Result "0-1"]
[BlackTitle "GM"]
[WhiteElo "2114"]
[BlackElo "2665"]
[WhiteTeam "Vesnianka Gran"]
[BlackTeam "Saint-Petersburg Chess Federation"]
[WhiteFideId "13503979"]
[BlackFideId "4168003"]
[EventDate "2012.10.11"]
[EventType "team-swiss"]

1. e4 c6 2. d4 d5 3. exd5 cxd5 4. c4 Nf6 5. Nc3 e6 6. Nf3 Bb4 7. Bd3 dxc4 8.
Bxc4 O-O 9. O-O b6 10. Ne5 Bb7 11. Be3 Nc6 12. Rc1 Rc8 13. Nxc6 Rxc6 14. Be2 Rc7
15. a3 Be7 16. Bf4 Rd7 17. Be5 Qa8 18. Bf3 Bxf3 19. Qxf3 Qxf3 20. gxf3 Rfd8 21.
Ne2 Nd5 22. Rc2 Bg5 23. Kh1 Kf8 24. Rg1 Bh6 25. Rd1 Ne7 26. Rd3 f6 27. Bf4 Bxf4
28. Nxf4 Kf7 29. Rdc3 Rxd4 30. Ne2 Rd1+ 31. Kg2 Nd5 32. Rc4 g5 33. Nc3 Re1 34.
Nxd5 Rxd5 35. Rc7+ Kg6 36. Rxa7 Rdd1 37. Rb7 Rg1+ 38. Kh3 Rd4 0-1

[Event "28th European Club Cup"]
[Site "Eilat ISR"]
[Date "2012.10.12"]
[Round "2.4"]
[White "Romanov, Evgeny"]
[Black "Rublevsky, Sergei"]
[Result "1/2-1/2"]
[WhiteTitle "GM"]
[BlackTitle "GM"]
[WhiteElo "2611"]
[BlackElo "2693"]
[WhiteTeam "Ashdod"]
[BlackTeam "Ugra"]
[WhiteFideId "4148843"]
[BlackFideId "4115309"]
[EventDate "2012.10.11"]
[EventType "team-swiss"]

1. c4 e5 2. Nc3 Nf6 3. Nf3 Nc6 4. g3 d5 5. cxd5 Nxd5 6. Bg2 Nb6 7. O-O Be7 8. a3
O-O 9. b4 Be6 10. Rb1 f6 11. d3 a5 12. b5 Nd4 13. Nh4 Qc8 14. e3 Nf5 15. Nxf5
Bxf5 16. Nd5 Nxd5 17. Bxd5+ Kh8 18. Qb3 Rd8 19. Rd1 Rb8 20. Qc4 Qd7 21. Be4 Bxe4
22. Qxe4 c6 23. Qa4 cxb5 24. Qxb5 b6 25. d4 Bc5 26. Qxd7 Rxd7 27. Bb2 exd4 28.
exd4 Bf8 29. a4 Bb4 30. Rbc1 Kg8 31. Bc3 Ra8 32. Bxb4 axb4 33. Rc6 Rxa4 34. Rxb6
Kf7 35. d5 Ra5 36. Rxb4 Raxd5 37. Rxd5 Rxd5 38. Rb7+ Kg6 39. Kg2 h5 40. h4 Rd3
41. Rb5 1/2-1/2

[Event "28th European Club Cup"]
[Site "Eilat ISR"]
[Date "2012.10.12"]
[Round "2.5"]
[White "Sutovsky, Emil"]
[Black "Stojcevski, Zoran"]
[Result "1-0"]
[WhiteTitle "GM"]
[BlackTitle "FM"]
[WhiteElo "2685"]
[BlackElo "2325"]
[WhiteTeam "SOCAR Azerbaijan"]
[BlackTeam "Gambit Aseko-See"]
[WhiteFideId "2802007"]
[BlackFideId "15000192"]
[EventDate "2012.10.11"]
[EventType "team-swiss"]

1. e4 e5 2. Nf3 Nc6 3. Bb5 f5 4. d3 fxe4 5. dxe4 Nf6 6. O-O d6 7. Nc3 Be7 8. Be3
O-O 9. Bc4+ Kh8 10. Ng5 Qe8 11. Ne6 Bxe6 12. Bxe6 Bd8 13. Bh3 Ne7 14. g3 Ng6 15.
Qd3 Be7 16. Nb5 Qd8 17. c4 c6 18. Nc3 Ne8 19. Ne2 Bg5 20. f4 exf4 21. gxf4 Bh6
22. Kh1 Nc7 23. Rad1 Qe7 24. Bf5 Rf6 25. c5 dxc5 26. Ng3 Nh4 27. Qd7 Nxf5 28.
exf5 Qxe3 29. Qxc7 b6 30. Kg2 Rff8 31. Rf3 Qe8 32. Rfd3 Qb8 33. Qe7 Bxf4 34. f6
Bh6 35. Nf5 gxf6 36. Rd7 Rg8+ 37. Kh1 Bg7 38. Nh6 1-0

[Event "28th European Club Cup"]
[Site "Eilat ISR"]
[Date "2012.10.12"]
[Round "2.5"]
[White "Andonovski, Ljubisa"]
[Black "Safarli, Eltaj"]
[Result "0-1"]
[WhiteTitle "FM"]
[BlackTitle "GM"]
[WhiteElo "2274"]
[BlackElo "2616"]
[WhiteTeam "Gambit Aseko-See"]
[BlackTeam "SOCAR Azerbaijan"]
[WhiteFideId "15000427"]
[BlackFideId "13402129"]
[EventDate "2012.10.11"]
[EventType "team-swiss"]

1. d4 Nf6 2. Nf3 g6 3. c4 Bg7 4. Nc3 d5 5. Qb3 dxc4 6. Qxc4 O-O 7. e4 Be6 8. d5
Bc8 9. Be2 c6 10. O-O cxd5 11. exd5 Nbd7 12. Rd1 Ne8 13. Bg5 h6 14. Bf4 Nd6 15.
Qb4 a5 16. Qb3 g5 17. Bg3 Nf5 18. Nb5 Nxg3 19. hxg3 Nc5 20. Qa3 Qb6 21. Rac1 Ne4
22. Nfd4 Bd7 23. Qf3 f5 24. a4 Be5 25. Bc4 Bxb5 26. Nxb5 g4 27. Qe2 Bxg3 28. d6+
Kh8 29. Rf1 Bxf2+ 30. Rxf2 g3 31. Qh5 Qxf2+ 32. Kh1 Qe3 33. Rf1 Nf2+ 34. Rxf2
gxf2 0-1

[Event "28th European Club Cup"]
[Site "Eilat ISR"]
[Date "2012.10.12"]
[Round "2.6"]
[White "Baron, Tal"]
[Black "Inarkiev, Ernesto"]
[Result "0-1"]
[WhiteTitle "GM"]
[BlackTitle "GM"]
[WhiteElo "2454"]
[BlackElo "2683"]
[WhiteTeam "Rishon Le-Zion"]
[BlackTeam "Tomsk-400"]
[WhiteFideId "2809958"]
[BlackFideId "4162722"]
[EventDate "2012.10.11"]
[EventType "team-swiss"]

1. d4 d5 2. c4 e6 3. Nc3 a6 4. cxd5 exd5 5. Nf3 c6 6. Qc2 Bd6 7. Bg5 Ne7 8. e4
dxe4 9. Nxe4 h6 10. Bd2 O-O 11. Bd3 Nd5 12. O-O Bf5 13. Rfe1 Bb4 14. Bc4 Bxd2
15. Qxd2 Bxe4 16. Rxe4 Nf6 17. Rh4 Nbd7 18. d5 Rc8 19. dxc6 Rxc6 20. Rd1 Qc7 21.
Bd3 Ne5 22. Nxe5 Qxe5 23. Rb4 Qc7 24. g3 Re8 25. Qf4 Qxf4 26. Rxf4 g6 27. Rd4
Kf8 28. Kg2 h5 29. a3 Ree6 30. Bc4 Re7 31. Bd3 Rcc7 32. Rc4 Red7 33. Rxc7 Rxc7
34. Re1 Rd7 35. Bf1 Nd5 36. Be2 Nb6 37. Bf3 Nc4 38. Re2 b5 39. h4 Rd3 40. Bb7
Rd6 41. Rc2 Kg7 42. Bf3 Ne5 43. Bb7 Kf6 44. Kf1 Nc4 45. Ke2 Ke5 46. a4 Kd4 47.
axb5 axb5 48. Bc8 b4 49. b3 Na5 50. Rd2+ Kc5 51. Rxd6 Kxd6 52. Kd3 Ke5 53. f4+
Kd5 54. Ba6 Kc5 55. Bc8 Nxb3 56. f5 Kd5 57. fxg6 fxg6 58. g4 Nc5+ 59. Ke3 b3 60.
Kd2 Ke5 61. gxh5 gxh5 62. Kc3 Kf4 63. Bh3 Kg3 64. Bf5 Kxh4 65. Kc4 Kg5 66. Bb1
h4 67. Kxc5 h3 68. Kc4 h2 69. Be4 b2 0-1

[Event "28th European Club Cup"]
[Site "Eilat ISR"]
[Date "2012.10.12"]
[Round "2.6"]
[White "Kurnosov, Igor"]
[Black "Liss, Eran"]
[Result "1-0"]
[WhiteTitle "GM"]
[BlackTitle "GM"]
[WhiteElo "2660"]
[BlackElo "2464"]
[WhiteTeam "Tomsk-400"]
[BlackTeam "Rishon Le-Zion"]
[WhiteFideId "4142527"]
[BlackFideId "2800721"]
[EventDate "2012.10.11"]
[EventType "team-swiss"]

1. e4 e5 2. Nf3 Nc6 3. Bb5 a6 4. Ba4 Nf6 5. O-O Be7 6. Re1 b5 7. Bb3 d6 8. c3
O-O 9. h3 Na5 10. Bc2 c5 11. d4 cxd4 12. cxd4 Bb7 13. d5 Rc8 14. b3 Qc7 15. Bd3
Nh5 16. Na3 f5 17. Bd2 fxe4 18. Bxe4 Nf6 19. Bf5 Bxd5 20. Rc1 Nc6 21. Bg5 Bf7
22. Nc2 Qb8 23. Ne3 Kh8 24. Bxc8 Rxc8 25. Nf5 Bf8 26. Bxf6 gxf6 27. N3h4 d5 28.
Qg4 Rc7 29. Rc3 d4 30. Rg3 Qd8 31. Rd1 Nb4 32. f4 Qd5 33. fxe5 fxe5 34. Qg5 Qe6
35. Nh6 Bg6 36. Rf1 Be7 37. Nxg6+ hxg6 38. Nf7+ Qxf7 39. Qxe5+ Qg7 40. Qxc7 d3
41. Rxg6 1-0

[Event "28th European Club Cup"]
[Site "Eilat ISR"]
[Date "2012.10.12"]
[Round "2.6"]
[White "Khismatullin, Denis"]
[Black "Klenburg, Mikhail"]
[Result "1-0"]
[WhiteTitle "GM"]
[BlackTitle "IM"]
[WhiteElo "2638"]
[BlackElo "2366"]
[WhiteTeam "Tomsk-400"]
[BlackTeam "Rishon Le-Zion"]
[WhiteFideId "4142578"]
[BlackFideId "14102072"]
[EventDate "2012.10.11"]
[EventType "team-swiss"]

1. d4 d6 2. Nf3 Nf6 3. c4 g6 4. g3 Bg7 5. Bg2 O-O 6. O-O c6 7. Nc3 Bf5 8. Ne1
Be6 9. d5 cxd5 10. cxd5 Bd7 11. Be3 Na6 12. h3 Qa5 13. Nd3 Rfc8 14. a4 Nb4 15.
Qb3 Nxd3 16. exd3 Qd8 17. Rfe1 b6 18. Qb4 Bf5 19. Rad1 Bd7 20. Re2 h6 21. Qh4
Qf8 22. Rde1 Bf5 23. Rd2 g5 24. Qb4 Nd7 25. Nb5 Nc5 26. Qa3 Bd7 27. Nd4 a5 28.
Nc6 e6 29. d4 Na6 30. Rc2 Bxc6 31. Rxc6 Rxc6 32. dxc6 d5 33. Qd3 Nb4 34. Qb5 Qd6
35. Rc1 Na2 36. Rc2 Nb4 37. Rc1 Na2 38. Rc2 Nb4 39. Rc3 Na2 40. Rb3 Rb8 41. h4
Bf6 42. Bf1 Kg7 43. hxg5 hxg5 44. Qe2 Qxc6 45. Qg4 Qc2 46. Bxg5 Bxg5 47. Qxg5+
Kf8 48. Rf3 Qh7 49. Qe5 Re8 50. Kg2 Kg8 51. Bb5 Rc8 52. Rf4 Qg7 53. Qd6 Nb4 54.
Bd7 Rf8 55. Bxe6 fxe6 56. Qxe6+ Rf7 57. Rg4 1-0

[Event "28th European Club Cup"]
[Site "Eilat ISR"]
[Date "2012.10.12"]
[Round "2.7"]
[White "Roiz, Michael"]
[Black "Gofshtein, Leonid"]
[Result "1-0"]
[WhiteTitle "GM"]
[BlackTitle "GM"]
[WhiteElo "2618"]
[BlackElo "2480"]
[WhiteTeam "Beer Sheba"]
[BlackTeam "Petach Tikva"]
[WhiteFideId "2804158"]
[BlackFideId "2801574"]
[EventDate "2012.10.11"]
[EventType "team-swiss"]

1. d4 d5 2. c4 e6 3. Nf3 Nf6 4. g3 Bb4+ 5. Bd2 Be7 6. Bg2 c6 7. Qc2 b6 8. O-O
Bb7 9. Rd1 O-O 10. b3 Nbd7 11. Nc3 c5 12. cxd5 Nxd5 13. Nxd5 exd5 14. Bc3 Qc7
15. dxc5 bxc5 16. Rac1 Qb6 17. e3 Rfd8 18. Qb2 Nf6 19. Ne1 a5 20. Be5 Ne8 21.
Qc2 a4 22. Nd3 axb3 23. axb3 d4 24. Bxb7 Qxb7 25. exd4 cxd4 26. b4 Ra3 27. Qc4
Qd5 28. Qxd5 Rxd5 29. Rc8 Kf8 30. Bxg7+ Kxg7 31. Rxe8 Rd7 32. Ne5 Rb7 33. Rxd4
Bxb4 34. Rg4+ Kf6 35. Rf4+ Kg7 36. Rg4+ Kf6 37. Rh4 Re7 38. Ng4+ Kg7 39. Rxe7
Bxe7 40. Rh5 Rc3 41. Re5 Kf8 42. Kg2 f6 43. Rb5 Kf7 44. Rb7 h5 45. Ne3 Rc5 46.
Kf3 Re5 47. Ng2 Kg6 48. Nf4+ Kh6 49. h4 Bd6 50. Rd7 Bf8 51. Rf7 Be7 52. Kg2 f5
53. Nd3 1-0